Biblioteca

Commentary on the catechism of the Catholic church / Edited by Michael J. Walsh (Registro nro. 45706)

Detalles MARC
000 -LÍDER
Campo fijo de descripción fija 007180000a22002170004500
020 ## - NÚMERO INTERNACIONAL NORMALIZADO PARA LIBROS
Número Internacional Normalizado del libro 0-225-66712-6
082 04 - NÚMERO DE CLASIFICACIÓN DECIMAL DEWEY
Número de clasificación G 238.2 W223c
001 - NÚMERO DE CONTROL
Campo de control 19341
100 1# - ASIENTO PRINCIPAL--NOMBRE PERSONAL
Nombre personal Walsh, Michael J., (Editor)
245 10 - TÍTULO
Título del Material Commentary on the catechism of the Catholic church / Edited by Michael J. Walsh
260 ## - PUBLICACIÓN, DISTRIBUCIÓN, ETC. (PIE DE IMPRENTA)
Lugar de publicación, distribución, etc. London : Geoffrey Chapman
300 ## - DESCRIPCIÓN FÍSICA
Extensión 440 páginas
336 ## - CONTENT TYPE
Content type term texto
Content type code txt
Source rdacontent
337 ## - MEDIA TYPE
Source rdamedia
Media type term sin mediación
Media type code n
338 ## - CARRIER TYPE
Source rdacarrier
Carrier type term volumen
Carrier type code nc
500 ## - NOTA GENERAL
Nota General Incluye índices (p. 427-440)
501 ## - NOTA DE “CON”
Nota de Contenido Pasta dura
505 00 - NOTA DE CONTENIDO
Nota de contenido con formato preestablecido Ensayos sobre el catecismo de la iglesia católica
650 14 - ASIENTO SECUNDARIO DE MATERIA - TERMINO TEMÁTICO
Término temático o nombre geográfico como elemento de entrada Iglesia Católica \ Iglesia Católica - Catecismos - Sacramentos \ Doctrina
942 ## - TIPO DE MATERIAL (KOHA)
Tipo de Item KOHA Libros General
Existencias
Estado de Material Estado de Perdido Estado de Dañado No para Préstamo Colección Tomo Biblioteca de Origen Biblioteca Permanente Fecha de Adquisición Total de Préstamos Signatura Topográfica Código de Barras Última vez visto Ejemplar/Existencia Fecha de Remplazo Tipo de Material
        Colección General   Biblioteca FUSBC Biblioteca FUSBC 31/03/2015   G 238.2 W223c 19379 12/12/2019 1 26/01/2016 Libros General

Biblioteca FUSBC | Teléfono: (57+4) 349 88 10 Ext. 141| WhatsApp (+57) 3005338115 
E-mail: biblioteca@unisbc.edu.co | Calle 76 87-14 Robledo Palenque, Medellín, Colombia

Con tecnología Koha